01160nac a22003131u 4500003000900000005001700009008004100026020001800067040004300085082002000128100003200148245013000180250002100310264006100331264001000392300002300402336002600425337002800451338002700479650002300506650003200529650002900561650003500590653002300625655001700648942001200665999001700677952015200694EG-ScBUE20250305094203.0250305t2022 ii f 000 0 eng d a9789354659515 aEG-ScBUEbengerdacEG-ScBUEdEG-ScBUE04a616.89bTRI2221 aTripathi, Praveen,eauthor.10aReview of psychiatry /cPraveen Tripathi, MBBS MD director the renowa care, Noida, Gautam Buddha Nagar, Uttar Pradesh, India. aSeventh edition. 1aNew Delhi :bJaypee Brothers Medical Publishers,c[2022] 4cc2022 a170 pages ;b23 cm 2rdacontentatextbtxt 2rdamediaaunmediatedbn 2rdacarrieravolumebnc 7aPsychiatry.2BUEsh aPsychiatryxmethods.2BUEsh 7aMental Disorders.2BUEsh 7aPsychotherapyxmethods.2BUEsh cFebruary2023bNNUR vReading book cBB2ddc c30937d30908 00102ddc40708AlahramaMAINbMAINc1STd2025-03-05ePurchaseg549.00h198l0o616.89 TRIp000057299r2025-07-15 00:00:00v686.25w2025-03-05yBB